WW2 General Knowledge Quiz - DK - Statistics

General Stats
  • This quiz has been taken 75 times
  • The average score is 5 of 10
Answer Stats
Hint Answer % Correct
Britain's Prime Minister during most of WWII: Winston Churchill
79%
What sparked the beginning of WWII? Invasion of Poland by Germany
72%
A country divided into four zones controlled by the United States, Soviet Union, Britain, and France after World War II: Germany
66%
This battle was a major turning point in the Eastern Front of World War II, where the German forces were defeated by the Soviet Union: Battle of Stalingrad
64%
Which event led to the United States entering World War II? Attack on Pearl Harbour by Japan
52%
Code name for the Allied invasion of Normandy, France, on June 6, 1944: Operation Overlord
49%
Which country was not a member of the Axis powers during World War II? France
26%
Supreme Commander of the Allied forces in Europe during World War II: General Dwight D. Eisenhower
18%
What was the Holocaust? Genocide of Jewish People by the Nazis
18%
What was the outcome of the Battle of Britain? Allied Victory
13%
No matching quizzes found
Score Distribution
Percent of People with Each Score
Percentile by Number Answered
Your Score History
You have not taken this quiz